000 00786nam a22002177a 4500
005 2012080605245.0
008 120806t xxu||||| |||| 00| 0 eng d
010 _aENG-105497
020 _a9789380929392
_c1150.00
035 _aEN-89030
037 _bDBAD / PUB
040 _adpl
_bEnglish
082 _a331
100 _aSharma, Nand Kishore
_950740
245 _aEmployees policy and labour welfare /
_cby Nand Kishore Sharma
260 _aJaipur
_bDND Publications
_c2013
270 _a2, Shivgyan Avenue, (B-7) near Yojna Bhawan, Yudishter Marg, C- Scheme
_bJaipur
_e302001
300 _aii,319p.
_c23cm(Hb)
942 _2ddc
_cEN
_mSHA
_h331
999 _c68867
_d68867